000 00537nam a2200217Ia 4500
003 OSt
005 20220928145930.0
006 a|||||r|||| 00| 0
007 ta
008 220927b |||||||| |||| 00| 0 eng d
024 _a85744
037 _cTextual
040 _aSDCL
_cSDCL
_beng
041 _2eng
_aeng
082 _aX:753.2'N7, L7
100 _aKabra K N
_9514700
245 0 _aPlanning process in a district.
260 _c1977
942 _hX:753.2'N7, L7
_cTEXL
_2CC
999 _c837981
_d837981